00323nam a2200121Ia 4500008004100000020001500041050001500056100001800071245003800089260003700127300002400164650001300188150202s9999 xx 000 0 und d a037316856X aFIC bFIC  aLennox, Kara. aTwin expectations /cKara Lennox. aCanada :bStripped Books,c2000. a250 pages :c18 cm. aFiction.